00919nab a22001937a 4500003000400000005001700004008004100021040000700062100002800069245011600097260007300213300001300286500004400299505011800343505008900461650002100550650001400571773014000585OSt20251113131617.0190604e xxu||||| |||| 00| 0 spa d cPJ aUrbina, Paola Alejandra13aLa importancia de formar en y para ejercer derechos humanos en el ámbito educativo /cPaola Alejandra Urbina. aCiudad Autónoma de Buenos Aires :bThomson Reuters La Ley, c2025. ap. 21-27 aCita Online: TR LALEY AR/DOC/284/2025.  tSumario: Sumario: I. Introducción.— II. El dec. 1086/2024.— III. Régimen vigente.— IV. Conclusión.  t¿Te interesa el texto completo? Solicitalo al correo: koha@justierradelfuego.gov.ar 0aDERECHOS HUMANOS 0aEDUCACION0 02714dCiudad Autónoma de Buenos Aires : Thomson Reuters La Ley, 2014-tRevista anales de legislación argentina. Nº 7 - Julio 2025.